La repubblica limitata. L’informazione cattolica e la Costituente (Record n. 26446)

Dettagli MARC
000 -LEADER
fixed length control field 00574nam a2200241Ia 4500
003 - CONTROL NUMBER IDENTIFIER
control field IT-RoPAU
005 - DATE AND TIME OF LATEST TRANSACTION
control field 20220918175719.0
008 - FIXED-LENGTH DATA ELEMENTS--GENERAL INFORMATION
fixed length control field 120407s9999 xx 000 0 und d
040 ## - CATALOGING SOURCE
Original cataloging agency IT-RoPAU
040 ## - CATALOGING SOURCE
Transcribing agency IT-RoPAU
041 ## - LANGUAGE CODE
Language code of text/sound track or separate title ita
100 ## - MAIN ENTRY--PERSONAL NAME
Personal name Maria Serena Piretti
9 (RLIN) 13155
245 ## - TITLE STATEMENT
Title La repubblica limitata. L’informazione cattolica e la Costituente
250 ## - EDITION STATEMENT
Edition statement Roma
260 ## - PUBLICATION, DISTRIBUTION, ETC. (IMPRINT)
Place of publication, distribution, etc. Coines
260 ## - PUBLICATION, DISTRIBUTION, ETC. (IMPRINT)
Date of publication, distribution, etc. 1976
Place of publication, distribution, etc. Roma
Name of publisher, distributor, etc. Coines
300 ## - PHYSICAL DESCRIPTION
Extent 158 p.
300 ## - PHYSICAL DESCRIPTION
Dimensions 21 cm
490 ## - SERIES STATEMENT
Series statement Nuova biblioteca
490 ## - SERIES STATEMENT
Volume/sequential designation 7
942 ## - ADDED ENTRY ELEMENTS (KOHA)
Koha item type LIBRO
Source of classification or shelving scheme Dewey Decimal Classification
Dati di copia
Withdrawn status Lost status Source of classification or shelving scheme Damaged status Not for loan Home library Current library Date acquired Total Checkouts Full call number Date last seen Price effective from Koha item type Public note
    Dewey Decimal Classification Buone Condizioni Not For Loan PAULUS-BIBLIOTECA PAULUS-BIBLIOTECA 11/04/2012   261.7.31 11/04/2012 11/04/2012 LIBRO Inserito da: Mario In data: 19 settembre 2011 fondo: Via A.Severo 56 Progr:21253
CREDITS: SOCIETA' SAN PAOLO Via A.Severo, 58 - ROMA (RM) & PERIODICI SAN PAOLO SRL Via Giotto, 36 MILANO & CISF Via Giotto, 36 MILANO & EDIZIONI SAN PAOLO SRL,  Piazza Soncino, 5 CINISELLO BALSAMO (MI) -- ITALY